000 00709nam a2200253 i 4500
001 C2-0236704
003 PPAK
005 20180727200427.0
008 011014s2001 my a|||| ||||| | may d
020 _a9679186253
040 _aPPAK
_beng
_cPPAK
_erda
082 0 4 _a641.5
_223
090 0 0 _a641.5
_bNOR
_dG
090 0 0 _a641.5
_bNOR
_dR
100 0 _aNor Zailina Nordin,
_eauthor
245 1 0 _aJuadah istimewa musim perayaan
264 1 _aPetaling Jaya, Selangor :
_bPustaka Zaman ,
_c2001
300 _a67 pages :
_bcolour illustrations ;
_c26 cm
336 _2rdacontent
_atext
337 _2rdamedia
_aunmediated
338 _2rdacarrier
_avolume
650 1 0 _aCookery - Malaysian
942 _ddc
_cB
999 _c52491
_d52491